| 000 | 00727nam a22002057a 4500 | ||
|---|---|---|---|
| 999 |
_c177905 _d177905 |
||
| 005 | 20210310122944.0 | ||
| 010 | _aENG-129192 | ||
| 020 |
_a978-93-8999-145-1 _c695.00 |
||
| 035 | _aEN-112724 | ||
| 037 | _bDBAD/PUB | ||
| 082 | _a345.540268 | ||
| 100 | _aBhandari, Abhimanyu | ||
| 245 | _aA Critique of the Prevention of Money Laundering Act, 2002/ | ||
| 260 |
_aHaryana, India _bLexis Nexis _c2021 |
||
| 270 |
_bGurugaon _e122002 _a14th floor, Building No.10, Tower-B, DLF Cyber City, Phase-II _k911244774444 _l911244774100 _mhelp.in@lixisnexis.com |
||
| 300 |
_a327p. _c24cm(hbk) _bIncluding Index |
||
| 500 | _aForward by A.K. Sikri | ||
| 700 | _aSharama, Kartika | ||
| 942 |
_2ddc _cEN _h345.540268 _mBHA |
||